كنوز متحف دمشق الوطني / Kunūz Matḥaf Dimashq al-Waṭanī

محفوظ في:

المؤلف الرئيسي: Salīm ʻĀdil ʻAbd al-Ḥaqq.

التنسيق: كتاب

اللغة: Undetermined

منشور في: Dimashq Maṭbaʻat al-Barq 1959

الوسوم: إضافة وسم

لا توجد وسوم, كن أول من يضع وسما على هذه التسجيلة!

رقم الطلب: E80 ABDA

LEADER 00417nam a2200121Ia 4500
008 240404s9999||||xx |||||||||||||| ||und||
050 4 |a E80 ABDA 
100 1 |a Salīm ʻĀdil ʻAbd al-Ḥaqq. 
245 1 0 |a كنوز متحف دمشق الوطني / Kunūz Matḥaf Dimashq al-Waṭanī  |c Salīm ʻĀdil ʻAbd al-Ḥaqq 
264 1 |a Dimashq  |b Maṭbaʻat al-Barq  |c 1959 
300 |a 43, 69 PLATES  |c 22 
942 |2 lcc  |c BK 
999 |c 58142  |d 58142